000 00598nam a2200205Ia 4500
005 20250923145023.0
008 008 250917s9999 xx 000 0 eng d
037 _aTextual
040 _aDSWL
_beng
_cDSWL
041 _aeng
_2eng
084 _aW:23, J8
_qDSWL
100 _aDesai, N.B.
_9830931
245 0 _aReport on the administrative survey of the Surat District
_cby N.B. Desai
260 _aBombay
_bIndian Society for Agriculture Economics
300 _a320 p.
365 _aINR
_b12
925 _g12
942 _cTEXL
_hW:23, J8
999 _c1446125
_d1446125